000 00375 a2200169 4500
001 12247
020 _a9788537305843
040 _cAnchieta - Aquarius
100 _aFerreira, Elita
240 1 0 _aPipa vai colorir o céu
_lpor
245 1 0 _aPipa vai colorir o céu
300 _a28
362 0 _a2009
440 1 _aBagaço
650 4 _aLiteratura infantil
942 _cBK
999 _c12247
_d12247